[Event "EWICC 2019"]
[Site "Antalya"]
[Date "2019.04.22"]
[Round "11.11"]
[White "Semenova, Elena"]
[Black "Salimova, Nurgyul"]
[Result "1/2-1/2"]
[WhiteElo "2216"]
[BlackElo "2415"]
[Annotator "TA"]
[PlyCount "96"]
[EventDate "2019.04.11"]
[EventType "swiss"]
[EventCountry "TUR"]
[SourceTitle "playchess.com"]
[Source "ChessBase"]
[SourceQuality "1"]

1. e4 e5 2. Nf3 Nc6 3. Bc4 Nf6 4. d3 Be7 5. O-O O-O 6. a4 d6 7. Re1 Na5 8. Ba2 c5 9. c3 Nc6 10. Nbd2 h6 11. Nc4 Be6 12. Bb3 Re8 13. Ne3 Bf8 14. Bd5 Bxd5 15. exd5 Ne7 16. c4 g6 17. Bd2 a5 18. h3 Bg7 19. Ng4 Nxg4 20. hxg4 f5 21. Nh2 Qd7 22. Rb1 g5 23. gxf5 Qxf5 24. Qf3 Rf8 25. Qxf5 Nxf5 26. Nf1 b6 27. Be3 Bf6 28. Nd2 Kg7 29. Ne4 Be7 30. Ra1 g4 31. Kf1 Kg6 32. Ke2 h5 33. g3 Rh8 34. Rh1 Rh7 35. Rag1 Rf8 36. Rh2 Ng7 37. Rhg2 Ne8 38. Rf1 Rhf7 39. Rh2 Rf5 40. Rc1 Rh8 41. Rc3 Rf7 42. Rc1 Rff8 43. Rf1 Ng7 44. Rg2 Rf3 45. Nd2 Rhf8 46. Rh2 R3f7 47. Ne4 Nf5 48. Rfh1 Rh7 1/2-1/2

[Event "EWICC 2019"]
[Site "Antalya"]
[Date "2019.04.22"]
[Round "11.12"]
[White "Narva, Mai"]
[Black "Goryachkina, Aleksandra"]
[Result "0-1"]
[WhiteElo "2365"]
[BlackElo "2534"]
[Annotator "TA"]
[PlyCount "100"]
[EventDate "2019.04.11"]
[EventType "swiss"]
[EventCountry "TUR"]
[SourceTitle "playchess.com"]
[Source "ChessBase"]
[SourceQuality "1"]

1. e4 e6 2. d4 d5 3. Nd2 c5 4. Ngf3 cxd4 5. Nxd4 Nc6 6. Bb5 Bd7 7. Nxc6 bxc6 8. Bd3 Bd6 9. Nf3 dxe4 10. Bxe4 Qc7 11. c4 Nf6 12. Bc2 c5 13. O-O O-O 14. Bg5 Bc6 15. h3 Ne4 16. Qe2 f5 17. Rad1 h6 18. Bc1 Rfe8 19. Rfe1 Rad8 20. Rd3 Qe7 21. Re3 Bc7 22. Rd3 Rxd3 23. Bxd3 Bb8 24. b3 e5 25. Bxe4 Bxe4 26. Bb2 Qc7 27. Nh4 Qf7 28. g3 Ba8 29. Rd1 e4 30. Ng2 e3 31. Nxe3 f4 32. gxf4 Bxf4 33. Rd3 h5 34. Kf1 Be4 35. Rc3 Qg6 36. f3 Bf5 37. Bc1 Bxh3+ 38. Ke1 Qg1+ 39. Kd2 Bf5 40. Qe1 Qh2+ 41. Kd1 Bg3 42. Qd2 Qh1+ 43. Ke2 Qg2+ 44. Kd1 Qxf3+ 45. Qe2 Qh1+ 46. Kd2 Rd8+ 47. Nd5 Rxd5+ 48. cxd5 Qxd5+ 49. Rd3 Bxd3 50. Qxd3 Bf4+ 0-1

[Event "EWICC 2019"]
[Site "Antalya"]
[Date "2019.04.22"]
[Round "11.13"]
[White "Khotenashvili, Bela"]
[Black "Zimina, Olga"]
[Result "1/2-1/2"]
[WhiteElo "2479"]
[BlackElo "2377"]
[Annotator "RC"]
[PlyCount "147"]
[EventDate "2019.04.11"]
[EventType "swiss"]
[EventCountry "TUR"]
[SourceTitle "playchess.com"]
[Source "ChessBase"]
[SourceQuality "1"]

1. Nf3 d5 2. g3 Bg4 3. Bg2 Nd7 4. c4 e6 5. cxd5 exd5 6. O-O c6 7. Nc3 Bd6 8. d3 Ne7 9. h3 Bh5 10. Qc2 O-O 11. e4 Rc8 12. Nh4 Kh8 13. Be3 dxe4 14. dxe4 Bc5 15. Bxc5 Nxc5 16. g4 Bg6 17. b4 Ne6 18. f4 Ng8 19. g5 Bh5 20. Nf5 f6 21. Ng3 Bf7 22. gxf6 Nxf6 23. e5 Nh5 24. Nxh5 Bxh5 25. f5 Qd4+ 26. Kh1 Ng5 27. e6 Qxb4 28. Rae1 Qh4 29. Qf2 Qxf2 30. Rxf2 Rce8 31. Kg1 h6 32. h4 Nh7 33. Ne4 Nf6 34. Nd6 Re7 35. Rb2 Ne8 36. Nxb7 Rxf5 37. Nd8 c5 38. Rb8 Rf6 39. Bd5 g5 40. Re5 Kg7 41. hxg5 hxg5 42. Nc6 Rc7 43. Rd8 Kh6 44. Rd7 a6 45. Ne7 Rf8 46. Bc4 Bg4 47. Rxc7 Nxc7 48. Rxc5 Nxe6 49. Bxe6 Bxe6 50. Rc6 Kg7 51. Rxe6 Kf7 52. Re5 Re8 53. Nc6 Rxe5 54. Nxe5+ Ke6 55. Nd3 a5 56. Kf2 Kd5 57. Ke3 Kc4 58. Kd2 g4 59. Kc2 g3 60. Nf4 Kb4 61. Kb2 Kc4 62. Ng2 Kd3 63. Nf4+ Ke3 64. Nh3 g2 65. Kc3 a4 66. a3 Kf3 67. Kd2 Kg3 68. Ng1 Kf2 69. Ne2 Kf1 70. Kd3 Ke1 71. Ke3 Kf1 72. Kd3 Ke1 73. Nd4 Kf2 74. Ne2 1/2-1/2

[Event "EWICC 2019"]
[Site "Antalya"]
[Date "2019.04.22"]
[Round "11.14"]
[White "Shuvalova, Polina"]
[Black "Matnadze, Ana"]
[Result "0-1"]
[WhiteElo "2457"]
[BlackElo "2367"]
[Annotator "RC"]
[PlyCount "94"]
[EventDate "2019.04.11"]
[EventType "swiss"]
[EventCountry "TUR"]
[SourceTitle "playchess.com"]
[Source "ChessBase"]
[SourceQuality "1"]

1. e4 c6 2. d4 d5 3. e5 a6 4. Bd3 g6 5. Nf3 Bg4 6. Nbd2 e6 7. h3 Bxf3 8. Nxf3 h5 9. O-O Be7 10. b3 Nh6 11. c4 Nf5 12. Re1 Nd7 13. Bd2 Nf8 14. c5 g5 15. g3 Rg8 16. b4 g4 17. hxg4 Rxg4 18. Nh2 Rxd4 19. Bc3 Rxd3 20. Qxd3 Ng6 21. Nf3 Kd7 22. Nd4 Nxd4 23. Bxd4 Qg8 24. a4 Nh4 25. Qe2 Qg6 26. Kh2 Nf5 27. Rad1 Rg8 28. Rg1 Qh6 29. Bc3 Rg4 30. Bd2 Qg7 31. Kh3 Nd4 32. Qd3 Qxe5 33. Bc3 Qf5 34. Bxd4 Rh4+ 35. Kg2 Qh3+ 36. Kf3 Qg4+ 37. Ke3 Bg5+ 38. f4 Rh2 39. Be5 Be7 40. Rd2 Rh3 41. Qe2 Rxg3+ 42. Rxg3 Qxg3+ 43. Kd4 Qa3 44. Rb2 f6 45. Bb8 b6 46. Ba7 e5+ 47. fxe5 fxe5+ 0-1

[Event "EWICC 2019"]
[Site "Antalya"]
[Date "2019.04.22"]
[Round "11.15"]
[White "Pogonina, Natalija"]
[Black "Balajayeva, Khanim"]
[Result "1/2-1/2"]
[WhiteElo "2455"]
[BlackElo "2358"]
[Annotator "TA"]
[PlyCount "72"]
[EventDate "2019.04.11"]
[EventType "swiss"]
[EventCountry "TUR"]
[SourceTitle "playchess.com"]
[Source "ChessBase"]
[SourceQuality "1"]

1. Nf3 d5 2. c4 e6 3. d4 Nf6 4. Nc3 Be7 5. Bf4 O-O 6. e3 b6 7. cxd5 Nxd5 8. Nxd5 Qxd5 9. Bd3 Qa5+ 10. Nd2 Ba6 11. Bxa6 Nxa6 12. O-O c5 13. Qe2 cxd4 14. Nb3 d3 15. Qxd3 Nc5 16. Nxc5 Qxc5 17. Rac1 Qa5 18. Qc4 Rfd8 19. Rfd1 h6 20. h3 Bf6 21. Qb3 Rd2 22. Rxd2 Qxd2 23. Qc2 Rd8 24. b3 b5 25. a4 Qxc2 26. Rxc2 b4 27. e4 Rd3 28. Rc8+ Kh7 29. e5 Bg5 30. Bxg5 hxg5 31. Rc7 Kg6 32. Rxa7 Rxb3 33. Rb7 Rb1+ 34. Kh2 f6 35. exf6 gxf6 36. a5 Ra1 1/2-1/2

[Event "EWICC 2019"]
[Site "Antalya"]
[Date "2019.04.22"]
[Round "11.16"]
[White "Arakhamia-Grant, Ketevan"]
[Black "Guseva, Marina"]
[Result "1/2-1/2"]
[WhiteElo "2360"]
[BlackElo "2404"]
[Annotator "TA"]
[PlyCount "139"]
[EventDate "2019.04.11"]
[EventType "swiss"]
[EventCountry "TUR"]
[SourceTitle "playchess.com"]
[Source "ChessBase"]
[SourceQuality "1"]

1. e4 c6 2. d4 d5 3. e5 Bf5 4. Nf3 e6 5. Be2 Ne7 6. O-O Bg6 7. Nbd2 Nd7 8. Nb3 Nf5 9. a4 Rc8 10. a5 Be7 11. c4 O-O 12. c5 b6 13. cxb6 axb6 14. g4 Nh4 15. Nxh4 Bxh4 16. f4 f6 17. axb6 Qxb6 18. Ra6 Qd8 19. Bd2 fxe5 20. dxe5 Nb8 21. Ra4 c5 22. Ba5 Qd7 23. Nd2 Be7 24. Nf3 Be8 25. Ra2 Rxf4 26. h3 Bg6 27. Bd2 Rff8 28. Qa1 Nc6 29. Ra6 Nb4 30. Ra7 Rc7 31. Ra8 Rxa8 32. Qxa8+ Rc8 33. Qa5 Nd3 34. Ra1 c4 35. Be3 Nxb2 36. Qb6 c3 37. Ra7 Bd8 38. Rxd7 Bxb6 39. Bxb6 c2 40. Be3 c1=Q+ 41. Bxc1 Rxc1+ 42. Kf2 Rc8 43. Nd4 Re8 44. Ke3 Na4 45. Rc7 Nb6 46. Bb5 Rd8 47. Rxg7+ Kxg7 48. Nxe6+ Kf7 49. Nxd8+ Ke7 50. Nc6+ Ke6 51. Kf4 Na8 52. Nd4+ Ke7 53. h4 Nc7 54. Bc6 Be4 55. Ke3 Ne6 56. Nf5+ Kd8 57. Bb5 h5 58. Ng3 hxg4 59. Nxe4 dxe4 60. Kxe4 Ke7 61. h5 g3 62. Bf1 Ng5+ 63. Kf4 Nf7 64. Kxg3 Nxe5 65. Kf4 Kf6 66. Be2 Nf7 67. Bc4 Nh6 68. Bd5 Kg7 69. Kg5 Ng8 70. Bxg8 1/2-1/2

[Event "EWICC 2019"]
[Site "Antalya"]
[Date "2019.04.22"]
[Round "11.17"]
[White "Milliet, Sophie"]
[Black "Belenkaya, Dina"]
[Result "0-1"]
[WhiteElo "2394"]
[BlackElo "2297"]
[Annotator "TA"]
[PlyCount "123"]
[EventDate "2019.04.11"]
[EventType "swiss"]
[EventCountry "TUR"]
[SourceTitle "playchess.com"]
[Source "ChessBase"]
[SourceQuality "1"]

1. e4 c6 2. d4 d5 3. e5 Bf5 4. Nf3 e6 5. Be2 Bb4+ 6. Nbd2 Nd7 7. O-O Ba5 8. Nb3 Bb6 9. Bg5 Ne7 10. Nh4 Bg6 11. Nxg6 hxg6 12. c4 dxc4 13. Bxc4 Nf8 14. Qg4 Qd7 15. Rfd1 Rh5 16. a4 a6 17. a5 Ba7 18. Nc5 Bxc5 19. dxc5 Nd5 20. Re1 Qc7 21. f4 Nd7 22. Bxd5 cxd5 23. b4 Rh7 24. Ra3 Qc6 25. Rh3 Rxh3 26. Qxh3 Qb5 27. Rb1 Nf8 28. Qe3 Rc8 29. g4 Qc4 30. Bh4 Nd7 31. h3 Nb8 32. Be1 Nc6 33. Rc1 Qd4 34. Qxd4 Nxd4 35. Kf2 Kd7 36. Bc3 Nb5 37. Bb2 Kc6 38. Ke3 Rh8 39. Rh1 Rh4 40. Kd3 Na7 41. Bd4 Kb5 42. Bf2 Rh8 43. h4 Nc6 44. Kc3 g5 45. fxg5 Nxe5 46. Bd4 Nxg4 47. Bxg7 Rh7 48. Bf8 Nf2 49. Rf1 Ne4+ 50. Kd3 Kc6 51. Bh6 Kd7 52. Rf3 e5 53. Rf1 Ke6 54. Ke3 f5 55. Rc1 d4+ 56. Kd3 Kd5 57. c6 bxc6 58. h5 Rh8 59. Rc2 f4 60. Rh2 Ng3 61. g6 Ke6 62. g7 0-1

[Event "EWICC 2019"]
[Site "Antalya"]
[Date "2019.04.22"]
[Round "11.18"]
[White "Brunello, Marina"]
[Black "Rapport, Jovana"]
[Result "1-0"]
[WhiteElo "2356"]
[BlackElo "2385"]
[Annotator "TA"]
[PlyCount "164"]
[EventDate "2019.04.11"]
[EventType "swiss"]
[EventCountry "TUR"]
[SourceTitle "playchess.com"]
[Source "ChessBase"]
[SourceQuality "1"]

1. e4 c6 2. d4 d5 3. exd5 cxd5 4. Bf4 Nc6 5. c3 Bf5 6. Nd2 e6 7. Ngf3 Bd6 8. Bxd6 Qxd6 9. Nh4 Bg6 10. Nxg6 hxg6 11. Nf3 Nf6 12. h3 Ne4 13. Bd3 Qf4 14. Qe2 Nd6 15. g3 Qf6 16. h4 Rh5 17. O-O-O O-O-O 18. Rhe1 Qe7 19. Kb1 Kb8 20. Qd2 Qc7 21. Qf4 Rc8 22. Ne5 Rhh8 23. Rc1 Na5 24. Re3 Rhe8 25. Rce1 Ka8 26. Nxf7 Nxf7 27. Qxc7 Rxc7 28. Rxe6 Rxe6 29. Rxe6 Nc6 30. Rxg6 Nfd8 31. Rd6 Rf7 32. f4 Re7 33. Kc2 Re3 34. Rg6 Re7 35. Kd2 Ne6 36. Bf5 Nc7 37. Rd6 Re8 38. Bg4 Rd8 39. Rg6 Ne8 40. h5 Kb8 41. Be6 Rd6 42. f5 Kc7 43. g4 Kd8 44. g5 Ne7 45. h6 Nxg6 46. fxg6 gxh6 47. gxh6 Rxe6 48. h7 Rxg6 49. h8=Q Rd6 50. Qe5 b5 51. Qg5+ Nf6 52. Qg7 a6 53. Qb7 Ne8 54. a4 Nc7 55. b3 Kd7 56. Qb8 bxa4 57. bxa4 Rc6 58. Kc2 Rc4 59. Kb3 Rc6 60. Qf8 Rb6+ 61. Kc2 Rc6 62. Qf5+ Kd6 63. Qh3 Rc4 64. Kb3 Kc6 65. Qg3 Kd7 66. Qg6 Kc8 67. Qf7 Kb8 68. Qd7 Kb7 69. Kc2 Kb6 70. Kd2 Rc6 71. Qh7 Rc4 72. Qb1+ Kc6 73. Qb3 Kd7 74. Ke3 Rc6 75. Kf4 Rf6+ 76. Ke5 Re6+ 77. Kf5 Rc6 78. Qa3 Kc8 79. Qb2 Kd7 80. Qd2 Kc8 81. Qd3 Kb7 82. Qh3 Kb6 1-0

[Event "EWICC 2019"]
[Site "Antalya"]
[Date "2019.04.22"]
[Round "11.19"]
[White "Badelka, Olga"]
[Black "Mamedjarova, Turkan"]
[Result "0-1"]
[WhiteElo "2381"]
[BlackElo "2256"]
[Annotator "TA"]
[PlyCount "80"]
[EventDate "2019.04.11"]
[EventType "swiss"]
[EventCountry "TUR"]
[SourceTitle "playchess.com"]
[Source "ChessBase"]
[SourceQuality "1"]

1. d4 Nf6 2. c4 g6 3. f3 d5 4. cxd5 Nxd5 5. e4 Nb6 6. Nc3 Bg7 7. Be3 O-O 8. Qd2 e5 9. d5 c6 10. h4 cxd5 11. exd5 N8d7 12. h5 Nf6 13. hxg6 fxg6 14. Rd1 Re8 15. Bd3 e4 16. fxe4 Bg4 17. Nf3 Bxf3 18. gxf3 Rc8 19. Bh6 Bxh6 20. Qxh6 Qd6 21. f4 Nbxd5 22. e5 Rxc3 23. bxc3 Qc5 24. Rd2 Qe3+ 25. Kd1 Nxc3+ 26. Kc2 Rc8 27. Bc4+ Ncd5 28. exf6 Rxc4+ 29. Kb1 Rb4+ 30. Rb2 Rxb2+ 31. Kxb2 Qb6+ 32. Kc2 Qc6+ 33. Kd1 Qa4+ 34. Ke1 Qb4+ 35. Ke2 Qc4+ 36. Kf3 Qd3+ 37. Kf2 Nxf6 38. Qh3 Ne4+ 39. Kg1 Qd1+ 40. Kh2 Qxh1+ 0-1

[Event "EWICC 2019"]
[Site "Antalya"]
[Date "2019.04.22"]
[Round "11.20"]
[White "Hoang, Thanh Trang"]
[Black "Hernandez Estevez, Yudania"]
[Result "1/2-1/2"]
[WhiteElo "2435"]
[BlackElo "2198"]
[Annotator "TA"]
[PlyCount "142"]
[EventDate "2019.04.11"]
[EventType "swiss"]
[EventCountry "TUR"]
[SourceTitle "playchess.com"]
[Source "ChessBase"]
[SourceQuality "1"]

1. d4 d5 2. c4 c6 3. Nf3 Nf6 4. Qc2 g6 5. Bf4 Bg7 6. e3 O-O 7. Nc3 a6 8. h3 c5 9. dxc5 Qa5 10. Nd2 dxc4 11. Bxc4 Qxc5 12. O-O Nc6 13. Rac1 Qh5 14. Be2 Qf5 15. Qxf5 Bxf5 16. Nc4 Rad8 17. Rfd1 Ne4 18. Nd5 Nf6 19. Ndb6 Rxd1+ 20. Rxd1 Rd8 21. Rxd8+ Nxd8 22. g4 Be6 23. Bf3 Nd7 24. b3 Nxb6 25. Nxb6 Kf8 26. Bc7 Ke8 27. Na4 Bc8 28. Nc5 b5 29. Kg2 Bc3 30. Bd5 e6 31. Bf3 Bb4 32. Nd3 Bc3 33. Nc5 Bb4 34. Ne4 Be7 35. Kg3 Nb7 36. Be5 Nc5 37. Nd6+ Bxd6 38. Bxd6 Nb7 39. Bc6+ Kd8 40. Bb4 Kc7 41. Bf3 a5 42. Bc3 b4 43. Be5+ Kd7 44. Bd4 Kc7 45. Kf4 Nd6 46. Kg5 Ba6 47. Kh6 Bd3 48. Kxh7 Kd7 49. Kg7 Bb1 50. Bb6 a4 51. bxa4 Bxa2 52. Bd4 Bc4 53. h4 Bd3 54. a5 f5 55. g5 f4 56. Bd1 Nf5+ 57. Kf6 fxe3 58. fxe3 Nxh4 59. Bc5 Nf5 60. Ba4+ Kc7 61. Kxe6 Bc4+ 62. Kf6 b3 63. Kxg6 Bd3 64. Bxb3 Nd4+ 65. Kf7 Nxb3 66. Bb6+ Kc6 67. g6 Nd2 68. g7 Nf1 69. Kf8 Bc4 70. e4 Nd2 71. e5 Nf3 1/2-1/2

[Event "EWICC 2019"]
[Site "Antalya"]
[Date "2019.04.22"]
[Round "11.21"]
[White "Sieber, Fiona"]
[Black "Bulmaga, Irina"]
[Result "0-1"]
[WhiteElo "2310"]
[BlackElo "2438"]
[Annotator "TA"]
[PlyCount "66"]
[EventDate "2019.04.11"]
[EventType "swiss"]
[EventCountry "TUR"]
[SourceTitle "playchess.com"]
[Source "ChessBase"]
[SourceQuality "1"]

1. e4 c5 2. Nf3 d6 3. d4 cxd4 4. Nxd4 Nf6 5. Nc3 a6 6. Be3 e5 7. Nb3 Be6 8. f3 Be7 9. Qd2 O-O 10. O-O-O Nbd7 11. g4 b5 12. g5 Nh5 13. Nd5 Bxd5 14. exd5 f5 15. Rg1 Qe8 16. Na5 Bd8 17. Nb7 Bb6 18. Nxd6 Qb8 19. Nxf5 Rxf5 20. Bh3 Rxf3 21. Be6+ Kh8 22. Bxb6 Nxb6 23. Bg4 Nc4 24. Qb4 Rf4 25. Bxh5 Ne3 26. Qe7 Nxd1 27. Bxd1 Qe8 28. Qa3 Qd7 29. g6 Qxd5 30. gxh7 Rd8 31. Bh5 Qd2+ 32. Kb1 Qxh2 33. Rd1 Rfd4 0-1

[Event "EWICC 2019"]
[Site "Antalya"]
[Date "2019.04.22"]
[Round "11.22"]
[White "Worek, Joanna"]
[Black "Danielian, Elina"]
[Result "0-1"]
[WhiteElo "2299"]
[BlackElo "2413"]
[Annotator "NA RC"]
[PlyCount "102"]
[EventDate "2019.04.11"]
[EventType "swiss"]
[EventCountry "TUR"]
[SourceTitle "playchess.com"]
[Source "ChessBase"]
[SourceQuality "1"]

1. e4 c6 2. d4 d5 3. e5 Bf5 4. Nf3 e6 5. Be2 Nd7 6. O-O Ne7 7. a4 Bg6 8. a5 a6 9. b4 Nf5 10. c3 h5 11. Nbd2 Qc7 12. Nb3 f6 13. Bf4 Bf7 14. h4 Nxh4 15. Nxh4 g5 16. Bh2 gxh4 17. exf6 Bd6 18. Bxd6 Qxd6 19. f4 Nxf6 20. Nc5 Rg8 21. Qd3 Rg3 22. Rf3 Bg6 23. Qe3 O-O-O 24. Rxg3 hxg3 25. Bxa6 Ng4 26. Bxb7+ Kb8 27. Qxg3 Rg8 28. Bxc6 Bf5 29. b5 h4 30. Qf3 Nf6 31. a6 Ka7 32. Na4 Kb8 33. a7+ Kxa7 34. Nc5+ Kb8 35. Ra8+ Kc7 36. Ra7+ Kb8 37. Rf7 Be4 38. Nxe4 dxe4 39. Qf2 h3 40. g3 h2+ 41. Qxh2 Qa3 42. b6 Qc1+ 43. Kg2 Qd2+ 44. Kg1 Qd1+ 45. Kg2 Qf3+ 46. Kg1 Rxg3+ 47. Qxg3 Qxg3+ 48. Kf1 Qxf4+ 49. Kg1 Qc1+ 50. Kg2 Qb2+ 51. Kf1 Qxb6 0-1

[Event "EWICC 2019"]
[Site "Antalya"]
[Date "2019.04.22"]
[Round "11.23"]
[White "Arabidze, Meri"]
[Black "Gevorgyan, Maria"]
[Result "0-1"]
[WhiteElo "2399"]
[BlackElo "2256"]
[Annotator "TA"]
[PlyCount "126"]
[EventDate "2019.04.11"]
[EventType "swiss"]
[EventCountry "TUR"]
[SourceTitle "playchess.com"]
[Source "ChessBase"]
[SourceQuality "1"]

1. d4 Nf6 2. c4 c5 3. d5 e6 4. Nc3 exd5 5. cxd5 d6 6. e4 g6 7. Nge2 Bg7 8. Ng3 h5 9. Be2 a6 10. a4 Nbd7 11. O-O h4 12. Nh1 Nh7 13. Be3 O-O 14. f3 f5 15. Qd2 Qf6 16. f4 Qe7 17. Nf2 Bxc3 18. bxc3 fxe4 19. c4 Ndf6 20. Bd1 Bf5 21. a5 Kf7 22. Rb1 Rac8 23. g4 hxg3 24. hxg3 Rc7 25. Kg2 Ke8 26. Rh1 Kd8 27. g4 Bd7 28. Qe2 Rg8 29. Bd2 Re8 30. Qe3 Kc8 31. Bc3 Kb8 32. Kg3 Rf8 33. Rh6 Bc8 34. Be2 Rg8 35. Kg2 Qf8 36. Rh2 g5 37. f5 Re7 38. Rbh1 Qe8 39. Rh6 Qf7 40. Qg3 Kc7 41. Qe3 Rf8 42. Nd1 Qe8 43. Be1 Qa4 44. Nc3 Qc2 45. Bg3 Kd7 46. Kh3 Ne8 47. Rc1 Qb3 48. Bxd6 Nxd6 49. Rxd6+ Ke8 50. Qxc5 Qb2 51. Qe3 Nf6 52. Kg3 Qa3 53. Rb6 Rh7 54. Bf1 Qe7 55. Qd4 Rh4 56. Rxf6 Rxf6 57. Nxe4 Rxf5 58. gxf5 Rxe4 59. Qh8+ Kd7 60. Rc3 Rh4 61. Qg8 Qe1+ 62. Kg2 Rg4+ 63. Kf3 Rg3# 0-1

[Event "EWICC 2019"]
[Site "Antalya"]
[Date "2019.04.22"]
[Round "11.24"]
[White "Melia, Salome"]
[Black "Garcia Martin, Marta"]
[Result "1/2-1/2"]
[WhiteElo "2393"]
[BlackElo "2315"]
[Annotator "TA"]
[PlyCount "78"]
[EventDate "2019.04.11"]
[EventType "swiss"]
[EventCountry "TUR"]
[SourceTitle "playchess.com"]
[Source "ChessBase"]
[SourceQuality "1"]

1. e4 e5 2. Nf3 Nc6 3. Bc4 Nf6 4. d3 Bc5 5. O-O d6 6. c3 a6 7. Bb3 Ba7 8. Nbd2 h6 9. Re1 Nh5 10. Nf1 Qf6 11. Ne3 Nf4 12. Nd5 Nxd5 13. exd5 Ne7 14. d4 exd4 15. Nxd4 O-O 16. Be3 Re8 17. Nc2 Bxe3 18. Rxe3 Bd7 19. Qd4 Qxd4 20. Nxd4 Nf5 21. Nxf5 Bxf5 22. Rae1 Bd7 23. f4 Kf8 24. Kf2 Rxe3 25. Rxe3 Re8 26. Rxe8+ Kxe8 27. Ke3 Ke7 28. Bc2 a5 29. b4 axb4 30. cxb4 b5 31. Bd3 f5 32. a3 Kf6 33. Be2 g6 34. h4 h5 35. g3 Ke7 36. Kd4 Kd8 37. Bd3 Kc8 38. Be2 Kd8 39. Bd3 Kc8 1/2-1/2

[Event "EWICC 2019"]
[Site "Antalya"]
[Date "2019.04.22"]
[Round "11.25"]
[White "Maltsevskaya, Aleksandra"]
[Black "Vega Gutierrez, Sabrina"]
[Result "0-1"]
[WhiteElo "2296"]
[BlackElo "2391"]
[Annotator "TA"]
[PlyCount "38"]
[EventDate "2019.04.11"]
[EventType "swiss"]
[EventCountry "TUR"]
[SourceTitle "playchess.com"]
[Source "ChessBase"]
[SourceQuality "1"]

1. d4 d5 2. c4 e6 3. Nf3 c6 4. Nc3 f5 5. Bf4 Nf6 6. e3 Ne4 7. Bd3 Be7 8. Bxb8 Rxb8 9. Ne5 O-O 10. Qb3 Bd6 11. Bxe4 fxe4 12. O-O Qg5 13. cxd5 cxd5 14. Rac1 Bxe5 15. dxe5 Qxe5 16. Nb5 a6 17. Nd4 Qd6 18. Qc2 e5 19. Nb3 Bg4 0-1

[Event "EWICC 2019"]
[Site "Antalya"]
[Date "2019.04.22"]
[Round "11.26"]
[White "Majdan, Joanna"]
[Black "Chernyak, Viktoria"]
[Result "1/2-1/2"]
[WhiteElo "2377"]
[BlackElo "2252"]
[Annotator "TA"]
[PlyCount "79"]
[EventDate "2019.04.11"]
[EventType "swiss"]
[EventCountry "TUR"]
[SourceTitle "playchess.com"]
[Source "ChessBase"]
[SourceQuality "1"]

1. e4 e6 2. d4 d5 3. Nd2 c5 4. exd5 Qxd5 5. Ngf3 cxd4 6. Bc4 Qd6 7. O-O Nf6 8. Nb3 Nc6 9. Nbxd4 Nxd4 10. Nxd4 a6 11. Re1 Qc7 12. Bb3 Be7 13. Qf3 O-O 14. c3 Re8 15. Bc2 Bd7 16. Bg5 Qc5 17. Bh4 b5 18. Rad1 Rad8 19. Nb3 Qb6 20. Rd4 Qc6 21. Qd3 g6 22. Qd2 Bc8 23. f4 Rxd4 24. Nxd4 Qd5 25. Bb3 Qd6 26. Bg3 Qb6 27. Bh4 Qd6 28. Bg5 Bb7 29. Qc2 Nd5 30. Bxe7 Rxe7 31. Bxd5 Bxd5 32. Qf2 Rc7 33. a3 Qd8 34. Re5 Rd7 35. Qe2 Qf6 36. Qe3 Rd8 37. Qf2 Bb7 38. Qe3 Bd5 39. Qf2 Bb7 40. Qe3 1/2-1/2

[Event "EWICC 2019"]
[Site "Antalya"]
[Date "2019.04.22"]
[Round "11.27"]
[White "Ghukasyan, Siranush"]
[Black "Khukhashvili, Sopiko"]
[Result "1-0"]
[WhiteElo "2201"]
[BlackElo "2342"]
[Annotator "NA"]
[PlyCount "42"]
[EventDate "2019.04.11"]
[EventType "swiss"]
[EventCountry "TUR"]
[SourceTitle "playchess.com"]
[Source "ChessBase"]
[SourceQuality "1"]

1. e4 d6 2. d4 g6 3. f4 Bg7 4. Nf3 a6 5. Nc3 b5 6. a3 Bb7 7. Be2 Nf6 8. e5 dxe5 9. fxe5 Nd5 10. Ne4 Ne3 11. Bxe3 Bxe4 12. O-O O-O 13. a4 Qd7 14. Ng5 Bd5 15. axb5 h6 16. c4 Bb7 17. Bg4 Qe8 18. Nxf7 axb5 19. Qd2 Kh7 20. Be6 Rxf7 21. Rxf7 Qc6 1-0

[Event "EWICC 2019"]
[Site "Antalya"]
[Date "2019.04.22"]
[Round "11.28"]
[White "Gajcin, Marina"]
[Black "Doluhanova, Evgeniya"]
[Result "1-0"]
[WhiteElo "2247"]
[BlackElo "2339"]
[Annotator "NA"]
[PlyCount "109"]
[EventDate "2019.04.11"]
[EventType "swiss"]
[EventCountry "TUR"]
[SourceTitle "playchess.com"]
[Source "ChessBase"]
[SourceQuality "1"]

1. e4 e5 2. Nf3 Nc6 3. Bc4 Bc5 4. d3 Nf6 5. O-O O-O 6. a4 d5 7. exd5 Nxd5 8. Re1 Bg4 9. c3 Nb6 10. Bb5 Re8 11. Nbd2 a6 12. Bxc6 bxc6 13. h3 Bxf3 14. Qxf3 Qd5 15. Ne4 Nd7 16. Be3 Bxe3 17. Rxe3 Qb3 18. Re2 Rad8 19. h4 Rf8 20. Ng3 Qd5 21. Qe4 g6 22. d4 exd4 23. Qxd4 Qxd4 24. cxd4 Nb6 25. a5 Nc8 26. Rc2 Na7 27. Ne4 Rxd4 28. Nc5 Rxh4 29. Nxa6 Rd4 30. Nxc7 Rb8 31. Na6 Rb3 32. Re1 Kf8 33. Nc5 Rb5 34. a6 Rd5 35. Rec1 Rb6 36. Kf1 Kg7 37. Re1 Kf8 38. Re4 Rb5 39. b4 Rd1+ 40. Ke2 Rb1 41. Rcc4 Rb2+ 42. Kf3 Nc8 43. Rcd4 Nb6 44. a7 Ra2 45. Nd7+ Kg7 46. Nxb6 Rxb6 47. Rd7 Rba6 48. Rf4 h5 49. Rfxf7+ Kh6 50. Kg3 R6a3+ 51. f3 Rb2 52. Rd8 h4+ 53. Kh3 Rba2 54. Rh8+ Kg5 55. a8=Q 1-0

[Event "EWICC 2019"]
[Site "Antalya"]
[Date "2019.04.22"]
[Round "11.29"]
[White "Caglar, Sila"]
[Black "Mammadova, Gulnar"]
[Result "0-1"]
[WhiteElo "2140"]
[BlackElo "2349"]
[Annotator "NA"]
[PlyCount "90"]
[EventDate "2019.04.11"]
[EventType "swiss"]
[EventCountry "TUR"]
[SourceTitle "playchess.com"]
[Source "ChessBase"]
[SourceQuality "1"]

1. e4 g6 2. d4 Bg7 3. Nf3 d6 4. Bd3 Nd7 5. O-O e5 6. dxe5 dxe5 7. b3 Nc5 8. Bb2 Nxd3 9. Qxd3 Qxd3 10. cxd3 f6 11. Rc1 c6 12. b4 Ne7 13. Nbd2 O-O 14. a4 Rd8 15. Rc3 Be6 16. Ba3 b6 17. Kf1 Rd7 18. b5 c5 19. a5 Rad8 20. Ke2 g5 21. Ne1 f5 22. f3 g4 23. Nc4 gxf3+ 24. gxf3 fxe4 25. fxe4 Nc8 26. Ne3 Rf7 27. axb6 axb6 28. N1g2 Nd6 29. Rb1 Bd7 30. Rcb3 Rdf8 31. Rf1 Rxf1 32. Nxf1 Nxb5 33. Bb2 Rb8 34. Nge3 Nd4+ 35. Bxd4 exd4 36. Nd5 b5 37. Rb1 Ra8 38. Rc1 c4 39. dxc4 bxc4 40. Nb6 Bg4+ 41. Kf2 Rf8+ 42. Ke1 c3 43. Nd5 Bh3 44. Ng3 Bh6 45. Rc2 d3 0-1

[Event "EWICC 2019"]
[Site "Antalya"]
[Date "2019.04.22"]
[Round "11.30"]
[White "Batsiashvili, Nino"]
[Black "Olsarova, Karolina"]
[Result "1-0"]
[WhiteElo "2453"]
[BlackElo "2264"]
[Annotator "TA"]
[PlyCount "81"]
[EventDate "2019.04.11"]
[EventType "swiss"]
[EventCountry "TUR"]
[SourceTitle "playchess.com"]
[Source "ChessBase"]
[SourceQuality "1"]

1. c4 c6 2. e4 d5 3. exd5 cxd5 4. cxd5 Nf6 5. Bb5+ Nbd7 6. Nf3 g6 7. O-O Bg7 8. d6 e6 9. d4 O-O 10. Nc3 Nb6 11. Bf4 a6 12. Bd3 Bd7 13. Ne5 Nh5 14. Be3 Rc8 15. Be4 Bc6 16. Nxc6 bxc6 17. Qe2 a5 18. Qa6 Nd5 19. Bf3 Nhf6 20. Bxd5 Nxd5 21. Nxd5 cxd5 22. Rfc1 Ra8 23. Qc6 Rc8 24. Qxc8 Qxc8 25. Rxc8 Rxc8 26. Bg5 f6 27. Bd2 Rd8 28. Bxa5 Rxd6 29. a4 e5 30. Bc3 Rd8 31. f4 exf4 32. a5 Bf8 33. a6 Bd6 34. a7 Ra8 35. Ra6 Bc7 36. b4 Kf7 37. b5 Ke7 38. Bb4+ Kd7 39. Bc5 Kc8 40. Rxf6 Kb7 41. b6 1-0